| 000 | 01227cam a2200349 i 4500 | ||
|---|---|---|---|
| 999 |
_c200443857 _d62069 |
||
| 001 | 200443857 | ||
| 003 | TR-AnTOB | ||
| 005 | 20220728114843.0 | ||
| 007 | ta | ||
| 008 | 970722b tu 000 0 tur d | ||
| 035 | _a(OCoLC)35256231 | ||
| 035 | _a(TR-AnTOB)200443857 | ||
| 040 |
_aEYM _beng _erda _cEYM _dSULEY _dTR-AnTOB |
||
| 041 | 0 | _atur | |
| 050 | 4 |
_aHD58.7 _b.Ö9535 |
|
| 090 |
_aTOBBK HD58.7 _b.Ö9535 |
||
| 100 | 1 |
_aÖzkalp, Enver _eauthor _952587 |
|
| 245 | 1 | 0 |
_aDavranış bilimleri ve organizasyonlarda davranış / _cEnver Özkalp. |
| 264 | 1 |
_aEskişehir : _bEskişehir İktisadi ve Ticari İlimler Akademisi, _c[date of publication not identified] |
|
| 300 |
_av, 311 pages ; _c24 cm |
||
| 336 |
_atext _btxt _2rdacontent |
||
| 337 |
_aunmediated _bn _2rdamedia |
||
| 338 |
_avolume _bnc _2rdacarrier |
||
| 490 | 0 |
_aEskişehir İktisadi ve Ticari İlimler Akademisi yayınları ; _v249/169. |
|
| 650 | 7 |
_aÖrgütsel davranış _2etuturkob _96539 |
|
| 650 | 7 |
_aOrganizasyon _2etuturkob _978748 |
|
| 650 | 7 |
_aPersonel yönetimi _2etuturkob _96514 |
|
| 710 | 2 |
_aEskişehir İktisadi ve Ticari İlimler Akademisi _9132817 |
|
| 942 |
_2z _cBK |
||